K PRÁCI ODBORNÝCH PORADKYŇ PRO MATEŘSKÉ ŠKOLY

Podrobná bibliografia
Hlavný autor: Kádnerová, B. (Autor)
Médium: Článok
Jazyk:čeština

MARC

LEADER 00000nab a2200000uu 4500
001 vtls011142150
003 SK-MaSNL
005 20260303111533.0
008 230121|1953 xo |||||||||||||||||cze|
015 |a SNBRB 
035 |a (urnnbn)urn:nbn:sk:snk:ar-008d59 
035 |a (uuid)2cbc5ee4-c941-43a9-ac4d-a3d3efa403f8 
035 |a urn:nbn:sk:snk-abatp3 
040 |a SNKBUCL  |b slo  |c SNKBUCL  |e AACR2 
041 0 |a cze 
044 |a xo  |c SK 
100 1 |a Kádnerová, B.  |4 aut  |9 1123236 
245 1 0 |a K PRÁCI ODBORNÝCH PORADKYŇ PRO MATEŘSKÉ ŠKOLY  |c B. Kádnerová 
773 0 |t Předškolní výchova  |g Roč. 7, č. 9-10 (1953), s. 296-299 
954 |a odborná, vedecká literatúra cudzojazyčná (svetová)  |2 lita 
958 |a OND 
958 |a EUIPO 
958 |a article14 
999 |c 1878192  |d 1880122